Política de comercio internacional camino al siglo XXI /
Furkejuvvon:
| Váldodahkki: | |
|---|---|
| Materiálatiipa: | Texto |
| Fáttát: | |
| Fáddágilkorat: |
Lasit fáddágilkoriid
Eai fáddágilkorat, Lasit vuosttaš fáddágilkora!
|
MARC
| LEADER | 00000 a a2200000 04500 | ||
|---|---|---|---|
| 001 | 17103 | ||
| 003 | |||
| 040 | |||
| 100 | |a Vargas Pagán, Carlos Eduardo | ||
| 245 | |a Política de comercio internacional camino al siglo XXI / |c Carlos Eduardo Vargas Pagán | ||
| 650 | |a POLITICA GUBERNAMENTAL | ||
| 650 | |a COMERCIO INTERNACIONAL | ||
| 650 | |a EXPORTACIONES | ||
| 650 | |a INTEGRACION REGIONAL | ||
| 650 | |a ACUERDOS ECONOMICOS | ||
| 650 | |a LIBRE COMERCIO | ||
| 650 | |a LIBERALIZACION DEL INTERCAMBIO | ||
| 650 | |a ZONAS DE LIBRE COMERCIO | ||
| 773 | |g volumen 6, número 3; páginas 277-326 | ||
| 999 | |c 38073 |d 38073 | ||
